00317nam a2200121Ia 4500008004100000020001800041041000800059082002700067100001400094245004100108260003700149300000900186230519s9999 xx 000 0 und d a81-8061-904-4 aeng aF/610.73069/CLE/DB0030 aClement I aBasic Concepts of Nursing Procedures bJaypee BrothersaNew Delhic2007 a368p